书目信息 |
| 题名: |
中国司法文明指数报告
|
|
| 作者: | 张保生 , 张中 , 吴洪淇 著 | |
| 分册: | ||
| 出版信息: | 北京 中国政法大学出版社 2015 |
|
| 页数: | 252页 | |
| 开本: | 29cm | |
| 丛书名: | ||
| 单 册: | ||
| 中图分类: | D926.04 | |
| 科图分类: | ||
| 主题词: | 司法制度--si fa zhi du--研究报告--中国--2014 | |
| 电子资源: | ||
| ISBN: | 978-7-5620-5873-1 | |
| 000 | 01179nam0 22002891 450 | |
| 001 | 1730342701 | |
| 005 | 20170525101545.0 | |
| 010 | @a978-7-5620-5873-1@dCNY86.00 | |
| 100 | @a20150331d2015 em y0chiy50 ea | |
| 101 | 0 | @achi@eeng |
| 102 | @aCN@b110000 | |
| 105 | @ay z 000yy | |
| 106 | @ar | |
| 200 | 1 | @a中国司法文明指数报告@Azhong guo si fa wen ming zhi shu bao gao@e2014@dReport on China justice index@e2014@f张保生, 张中, 吴洪淇等著@zeng |
| 210 | @a北京@c中国政法大学出版社@d2015 | |
| 215 | @a252页@d29cm | |
| 300 | @a国家“2011计划”司法文明协同创新中心 | |
| 314 | @a封面题:张保生、张中、吴洪淇等著 | |
| 330 | @a本书展现了2014年在全国9个省、直辖市进行试点调查和数据分析的成果。书中反映了司法文明建设的强项和弱项,体现了人民群众对司法工作的满意程度,描述了随时间变化的司法文明进步轨迹。 | |
| 510 | 1 | @aReport on China justice index@e2014@zeng |
| 606 | 0 | @a司法制度@Asi fa zhi du@x研究报告@y中国@z2014 |
| 690 | @aD926.04@v5 | |
| 701 | 0 | @a张保生@Azhang bao sheng@c(法学)@4著 |
| 701 | 0 | @a张中@Azhang zhong@c(法律,@f1973~)@4著 |
| 701 | 0 | @a吴洪淇@Awu hong qi@f(1982~)@4著 |
| 801 | 0 | @aCN@bTANG WEI@c20170524 |
| 905 | @b0969828-32@dD926.04@e728@f5 | |
| 中国司法文明指数报告:2014=Report on China justice index:2014/张保生, 张中, 吴洪淇等著.-北京:中国政法大学出版社,2015 |
| 252页;29cm |
| 国家“2011计划”司法文明协同创新中心 |
| ISBN 978-7-5620-5873-1:CNY86.00 |
| 本书展现了2014年在全国9个省、直辖市进行试点调查和数据分析的成果。书中反映了司法文明建设的强项和弱项,体现了人民群众对司法工作的满意程度,描述了随时间变化的司法文明进步轨迹。 |
| ● |
| 相关链接 |
|
|
|
|
正题名:中国司法文明指数报告
索取号:D926.04/728
 
预约/预借
| 序号 | 登录号 | 条形码 | 馆藏地/架位号 | 状态 | 备注 |
| 1 | 0969828 | 209698282 | 第一样本阅览室/ [索取号:D926.04/728] | 在馆 | |
| 2 | 0969829 | 209698291 | 第一借阅区/ [索取号:D926.04/728] | 在馆 | |
| 3 | 0969830 | 209698308 | 第一借阅区/ [索取号:D926.04/728] | 在馆 | |
| 4 | 0969831 | 209698317 | 密集书库-史法系/ [索取号:D926.04/728] | 在馆 | |
| 5 | 0969832 | 209698326 | 第一借阅区/ [索取号:D926.04/728] | 在馆 |